000 00307nam a2200133Ia 4500
008 191201s2005 xx 000 0 und d
100 _aMAHESHWERI, S N
245 0 _aAccounting for Management
250 _a-
260 _c2005
_bSultan Chand
_aN.Delhi
300 _a1.28
650 _aMBA
942 _2ddc
_cBB
999 _c7212
_d7212